LEADER 01164nam a2200301 u 4500 001 000000072356 003 CaOOAMICUS 005 20070226122231.0 008 020614s1972 it u000 u ita u 035 $a10933412 040 $aPUL(R)$bita 100 1 $aBalducci, Ernesto,$csac.,$d1922-1992.$0(OLS)http://pul/name/10341 245 12$aI servi inutili :$bmeditazioni sul ministero sacerdotale /$cErnesto Balducci. 250 $a2 Ed. 260 $aAssisi :$bCittadella,$c1972. 300 $a213 p. ;$c21 cm 490 1 $aSpiritualitą del nostro tempo 500 $aContiene indici. 650 4$aSacerdozio.$0(OLS)http://pul/subject/211 830 0$aSpiritualitą del nostro tempo.$0(OLS)http://pul/title/79153 850 $aPUL 852 $aPUL$W1$xDP1 Religione 1$y20$m578 B 46$j93592$nBK-PRI$b $qStampati$B93592$CPULBib$Z2$F93592 $H $81 941 1 $a8 960 $aOrdine sacro$9211 960 $aOrdine sacro$9211 961 $aINV: 63039 996 $6245$aI servi inutili :$bmeditazioni sul ministero sacerdotale$9(OLS)http://pul/title/95184 996 $6260$aAssisi :$bCittadella$9(OLS)http://pul/publisher/49668 LEADER 01113nam a2200253 a 4500 001 000000142450 003 CaOOAMICUS 005 20150324113412.0 008 150324s1977 it u000 u ita r 040 $aPUL$bita 100 1 $aVolpe, Gioacchino,$d1876-1971.$0(OLS)http://pul/name/5255 245 10$aMovimenti religiosi e sette ereticali nella societą medievale italiana :$b(secoli XI-XIV) /$cGioacchino Volpe. 250 $a5. ed. immutata. 260 $aFirenze :$bG. C. Sansoni,$c1977. 300 $aXVIII, 281 p. ;$c18 cm 490 1 $aNuova biblioteca 650 4$aEresie ed eretici$zItalia$yEvo medio.$0(OLS)http://pul/subject/13925 830 0$aNuova biblioteca (Sansoni).$0(OLS)http://pul/title/9150 850 $aPUL 852 $aPUL$W1$xDP1 Fondo Capitani$y116$m10 E 37$j17110$qFondi$B164533$CPULBib$Z2$F164533 $HCap1269 $82 941 1 $a1 996 $6245$aMovimenti religiosi e sette ereticali nella societą medievale italiana :$b(secoli XI-XIV)$9(OLS)http://pul/title/11372 996 $6260$aFirenze :$bG. C. Sansoni$9(OLS)http://pul/publisher/48488